| Tag |
First Indicator |
Second Indicator |
Subfields |
| LEADER |
00000cam a2200000 4500 |
| 001 |
in00001583021 |
| 005 |
20220103182557.0 |
| 006 |
m u |
| 007 |
cr cn||||||||| |
| 008 |
001008s1988 okua sb s001 0 eng |
| 010 |
|
|
|z 88040207
|
| 020 |
|
|
|a 0585169063 (electronic bk.) :
|c $14.95
|
| 020 |
|
|
|z 0806121289 (alk. paper)
|
| 020 |
|
|
|z 0806123087
|
| 035 |
|
|
|a 15008
|b (N$T)
|
| 035 |
|
|
|a nL15008
|
| 040 |
|
|
|a N$T
|c N$T
|d UtOrBLW
|
| 041 |
1 |
|
|a eng
|a spa
|
| 043 |
|
|
|a n-mx---
|a nc-----
|
| 050 |
1 |
0 |
|a F1435.3.C14
|b L413 1988eb
|
| 082 |
0 |
4 |
|a 529/.32
|2 19
|
| 100 |
1 |
|
|a León Portilla, Miguel.
|0 http://id.loc.gov/authorities/names/n80063275
|
| 240 |
1 |
0 |
|a Tiempo y realidad en el pensamiento maya.
|l English
|0 http://id.loc.gov/authorities/names/n88118301
|
| 245 |
1 |
0 |
|a Time and reality in the thought of the Maya /
|c by Miguel León-Portilla ; foreword by Sir J. Eric S. Thompson ; appendices by Alfonso Villa Rojas and Miguel León-Portilla ; translated by Charles L. Boilès, Fernando Horcasitas, and the Author.
|
| 250 |
|
|
|a 2nd ed., enl.
|
| 264 |
|
1 |
|a Norman :
|b University of Oklahoma Press,
|c [1988]
|
| 264 |
|
4 |
|c ©1988
|
| 300 |
|
|
|a xxii, 229 pages :
|b illustrations ;
|c 22 cm.
|
| 336 |
|
|
|a text
|b txt
|2 rdacontent
|
| 337 |
|
|
|a computer
|b c
|2 rdamedia
|
| 338 |
|
|
|a online resource
|b cr
|2 rdacarrier
|
| 490 |
1 |
|
|a The Civilization of the American Indian series ;
|v 190
|
| 500 |
|
|
|a Translation of: Tiempo y realidad en el pensamiento maya. With new pref., bibliography, and appendices.
|
| 504 |
|
|
|a Bibliography: pages 207-220.
|
| 500 |
|
|
|a Includes index.
|
| 533 |
|
|
|a Electronic reproduction.
|b Boulder, Colo. :
|c NetLibrary,
|d 2000.
|n Available via World Wide Web.
|n Access may be limited to NetLibrary affiliated libraries.
|
| 500 |
|
|
|a Electronic resource.
|
| 650 |
|
0 |
|a Maya calendar.
|0 http://id.loc.gov/authorities/subjects/sh94000270
|
| 650 |
|
0 |
|a Maya philosophy.
|0 http://id.loc.gov/authorities/subjects/sh94000732
|
| 655 |
|
0 |
|a Electronic books.
|
| 710 |
2 |
|
|a NetLibrary, Inc.
|0 http://id.loc.gov/authorities/names/no99080690
|
| 776 |
0 |
|
|c Original
|w (DLC) 88040207
|
| 830 |
|
0 |
|a Civilization of the American Indian series ;
|v v. 190.
|0 http://id.loc.gov/authorities/names/n42006761
|
| 856 |
4 |
1 |
|u https://proxy.library.tamu.edu/login?url=http://www.netLibrary.com/urlapi.asp?action=summary&v=1&bookid=15008
|z Connect to the full text of this electronic book
|t 0
|
| 999 |
|
|
|a MARS
|
| 999 |
f |
f |
|s 1a56a705-7b3d-3eac-9a18-0e72d90708dd
|i 5a93afa5-6cad-3435-bc0d-6b31fe598dae
|t 0
|
| 952 |
f |
f |
|a Texas A&M University
|b College Station
|c Electronic Resources
|d Available Online
|t 0
|e F1435.3.C14 L413 1988eb
|h Library of Congress classification
|
| 998 |
f |
f |
|a F1435.3.C14 L413 1988eb
|t 0
|l Available Online
|